इथे बहर फुलला (Record no. 201728)

MARC details
000 -LEADER
fixed length control field 00529nam a2200169Ia 4500
008 - FIXED-LENGTH DATA ELEMENTS--GENERAL INFORMATION
fixed length control field 090201s9999 xx 000 0 und d
010 ## - LIBRARY OF CONGRESS CONTROL NUMBER
LC control number KPL-61312
040 ## - CATALOGING SOURCE
Language of cataloging मराठी
041 ## - LANGUAGE CODE
Language code of text/sound track or separate title मराठी
082 ## - DEWEY DECIMAL CLASSIFICATION NUMBER
Classification number 594
Item number 61312
100 ## - MAIN ENTRY--PERSONAL NAME
Personal name सुमन भडभडे
245 ## - TITLE STATEMENT
Title इथे बहर फुलला
Statement of responsibility, etc सुमन भडभडे
260 ## - PUBLICATION, DISTRIBUTION, ETC. (IMPRINT)
Date of publication, distribution, etc 2004
Name of publisher, distributor, etc मनोरमा प्रकाशन
300 ## - PHYSICAL DESCRIPTION
Extent 221
Other physical details मध्यम
600 ## - SUBJECT ADDED ENTRY--PERSONAL NAME
Personal name इथे बहर फुलला
942 ## - ADDED ENTRY ELEMENTS (KOHA)
Koha item type Book
Holdings
Withdrawn status Lost status Damaged status Not for loan Home library Current library Date acquired Cost, normal purchase price Total Checkouts Barcode Date last seen Copy number Cost, replacement price Price effective from Koha item type
        Sarvajanik Wachanalaya, Kalyan Sarvajanik Wachanalaya, Kalyan   125.00   KPL-61312 02/01/2009 1 125.00 02/01/2009 Book